[Event "HUN-chT2 Maroczy 1213"]
[Site "Hungary"]
[Date "2013.04.07"]
[Round "10"]
[White "Konya, Laszlo Jr"]
[Black "Zalai, Mihaly"]
[Result "1/2-1/2"]
[WhiteElo "2126"]
[BlackElo "2158"]
[PlyCount "20"]
[EventDate "2012.09.16"]
[EventType "team-tourn"]
[EventRounds "11"]
[EventCountry "HUN"]
[SourceTitle "EXT 2014"]
[Source "ChessBase"]
[SourceDate "2013.11.20"]
[SourceVersion "1"]
[SourceVersionDate "2013.11.20"]
[SourceQuality "1"]
[WhiteTeam "Karcag"]
[BlackTeam "Oroshaza"]
[WhiteTeamCountry "HUN"]
[BlackTeamCountry "HUN"]

1. d4 Nf6 2. c4 g6 3. Nf3 Bg7 4. g3 d6 5. Bg2 0-0 6. Nc3 Nc6 7. e4 h6 8. 0-0 Bg4 9. h3 Bxf3 10. Bxf3 e5 1/2-1/2

[Event "HUN-chT2 Toth 1011"]
[Site "Hungary"]
[Date "2010.10.10"]
[Round "3.4"]
[White "Konya, Laszlo Jr"]
[Black "Kemeny, Csaba"]
[Result "1-0"]
[WhiteElo "2111"]
[BlackElo "2014"]
[PlyCount "73"]
[EventDate "2010.09.12"]
[EventType "team-tourn"]
[EventRounds "11"]
[EventCountry "HUN"]
[SourceTitle "EXT 2012"]
[Source "ChessBase"]
[SourceDate "2011.11.24"]
[SourceVersion "1"]
[SourceVersionDate "2011.11.24"]
[SourceQuality "1"]
[WhiteTeam "Karcag"]
[BlackTeam "Csongrad Felegyhaza"]
[WhiteTeamCountry "HUN"]
[BlackTeamCountry "HUN"]

1. d4 d5 2. Nf3 Nf6 3. c4 e6 4. Bg5 c6 5. Nc3 Nbd7 6. e3 Bd6 7. Qc2 0-0 8. Bd3 h6 9. Bf4 Bxf4 10. exf4 dxc4 11. Bxc4 c5 12. dxc5 Nxc5 13. 0-0 b6 14. b4 Ncd7 15. Qe2 Qc7 16. Ne5 a6 17. Rac1 Kh8 18. Bb3 Bb7 19. Nd5 Qd6 20. Nc7 Rac8 21. Rfd1 Qe7 22. Nxe6 Nxe5 23. Nxf8 Rxc1 24. fxe5 Rc8 25. Qb2 Re8 26. h3 Rxf8 27. exf6 gxf6 28. Qd4 Rg8 29. g3 Bf3 30. Rc1 Re8 31. Kh2 b5 32. Qf4 Qe2 33. Qxh6+ Kg8 34. Qg6+ Kh8 35. Qxf6+ Kh7 36. Qxf7+ Kh6 37. Qf6+ 1-0

[Event "HUN-chT2 Toth 0304"]
[Site "Hungary"]
[Date "2003.11.16"]
[Round "3"]
[White "Konya, Laszlo Jr"]
[Black "Palicska, Janos"]
[Result "1-0"]
[WhiteElo "2111"]
[BlackElo "2043"]
[PlyCount "99"]
[EventDate "2003.09.28"]
[EventType "team"]
[EventRounds "11"]
[EventCountry "HUN"]
[SourceTitle "EXT 2009"]
[Source "ChessBase"]
[SourceDate "2008.11.26"]
[SourceVersion "1"]
[SourceVersionDate "2008.11.26"]
[SourceQuality "1"]
[WhiteTeam "Karcag"]
[BlackTeam "Szarvas"]
[WhiteTeamCountry "HUN"]
[BlackTeamCountry "HUN"]

1. d4 Nf6 2. c4 e6 3. Nc3 Bb4 4. Qc2 c5 5. e3 d5 6. a3 cxd4 7. exd4 Bxc3+ 8. bxc3 dxc4 9. Bxc4 Qc7 10. Bd3 0-0 11. Bg5 Nbd7 12. Ne2 b6 13. Bf4 Qc6 14. f3 Bb7 15. Rb1 Rfc8 16. 0-0 a6 17. a4 e5 18. dxe5 Qc5+ 19. Kh1 Nxe5 20. Bxe5 Qxe5 21. Rxb6 Rc7 22. Rfb1 Bc8 23. R6b4 g6 24. Qd2 Kg7 25. Re1 Re7 26. Rc1 Bf5 27. Bxf5 Qxe2 28. Qxe2 Rxe2 29. Bd3 Re3 30. Rd4 Rae8 31. h3 Nh5 32. Bxa6 Ng3+ 33. Kh2 Ne2 34. Bxe2 Rxe2 35. Re4 R8xe4 36. fxe4 Ra2 37. c4 Rxa4 38. Kg3 Kf6 39. Kf4 h6 40. Rc3 g5+ 41. Kg4 Kg6 42. Kf3 Kf6 43. c5 Ra7 44. c6 Rc7 45. Rc5 Kg6 46. Ke3 Kf6 47. Kd4 Ke6 48. Kc4 Kd6 49. Kb5 Re7 50. Kb6 1-0

[Event "HUN-chT3 0102"]
[Site "Hungary"]
[Date "2002.04.21"]
[Round "11"]
[White "Konya, Laszlo Jr"]
[Black "Molnar, Balazs"]
[Result "1/2-1/2"]
[WhiteElo "2114"]
[BlackElo "2169"]
[PlyCount "42"]
[EventDate "2001.09.30"]
[EventType "team"]
[EventRounds "11"]
[EventCountry "HUN"]
[SourceTitle "EXT 2004"]
[Source "ChessBase"]
[SourceDate "2003.11.25"]
[SourceVersion "1"]
[SourceVersionDate "2003.11.25"]
[SourceQuality "1"]

1. d4 d5 2. c4 c6 3. Nc3 Nf6 4. Nf3 e6 5. Bg5 h6 6. Bh4 dxc4 7. e3 b5 8. a4 Bb4 9. Bxf6 Qxf6 10. Qc2 Bb7 11. Be2 Nd7 12. b3 Qf5 13. Qb2 cxb3 14. Qxb3 a5 15. axb5 0-0 16. bxc6 Bxc6 17. 0-0 Rfc8 18. Na2 Bd5 19. Qa4 Bc6 20. Qb3 Bd5 21. Qa4 Bc6 1/2-1/2

[Event "HUN-chT3 9899"]
[Site "Hungary"]
[Date "1998.03.08"]
[Round "?"]
[White "Konya, Laszlo Jr"]
[Black "Eberth, Zoltan"]
[Result "0-1"]
[WhiteElo "1836"]
[BlackElo "2235"]
[PlyCount "180"]
[EventDate "1998.09.??"]
[EventType "team"]
[EventRounds "11"]
[EventCountry "HUN"]
[SourceTitle "EXT 2001"]
[Source "ChessBase"]
[SourceDate "2000.11.22"]
[SourceVersion "1"]
[SourceVersionDate "2000.11.22"]
[SourceQuality "1"]

1. d4 Nf6 2. c4 a6 3. Nc3 c5 4. e3 b6 5. Nf3 g6 6. Be2 Bg7 7. 0-0 0-0 8. Qd3 Ra7 9. b3 d5 10. cxd5 Nxd5 11. Nxd5 Qxd5 12. Bb2 Bf5 13. Qd2 b5 14. Rac1 Rd7 15. Rfd1 Rfd8 16. Qe1 cxd4 17. Bxd4 Qe4 18. Bxg7 Kxg7 19. Rxd7 Nxd7 20. Nd4 Ne5 21. Qc3 f6 22. Qc7 Rd7 23. Qc3 h5 24. Rd1 h4 25. Nxf5+ Qxf5 26. Rxd7 Qxd7 27. h3 Qf5 28. Qc1 Qe4 29. Qd1 Qb4 30. a4 bxa4 31. bxa4 a5 32. Bb5 Qc3 33. Kf1 Nf7 34. Kg1 Nd6 35. Bd3 e5 36. Bxg6 Kxg6 37. Qxd6 Qe1+ 38. Kh2 Qxf2 39. Qd3+ Kg5 40. Qb3 Qg3+ 41. Kh1 Qe1+ 42. Kh2 Qb4 43. Qg8+ Kf5 44. Qh7+ Ke6 45. Qg8+ Kd6 46. Qf8+ Ke6 47. Qg8+ Kd6 48. Qf8+ Kd5 49. Qxf6 Qxa4 50. Qd8+ Ke6 51. Qc8+ Ke7 52. Qc7+ Kf6 53. Qd6+ Kf5 54. Qd3+ Qe4 55. Qd7+ Kg6 56. Qe8+ Kg7 57. Qe7+ Kh6 58. Qf8+ Kh7 59. Qf7+ Kh6 60. Qf6+ Kh5 61. Qh8+ Kg6 62. Qg8+ Kh6 63. Qh8+ Kg6 64. Qg8+ Kf6 65. Qd8+ Ke6 66. Qxa5 Qxe3 67. Qa6+ Kf5 68. Qc8+ Ke4 69. Qc4+ Qd4 70. Qe2+ Kf4 71. Kh1 Qa1+ 72. Kh2 Qd4 73. Kh1 Qe4 74. Qd2+ Qe3 75. Qd1 Kg3 76. Qg4+ Kf2 77. Qxh4+ Kf1 78. Qf6+ Qf2 79. Qa6+ Qe2 80. Qf6+ Ke1 81. Qh4+ Qf2 82. Qe4+ Kf1 83. Qd3+ Qe2 84. Qf5+ Ke1 85. Qg6 e4 86. Qg3+ Kf1 87. Kh2 e3 88. Qf4+ Qf2 89. Qg4 e2 90. Qxe2+ Kxe2 0-1